Catálogo
 En Linea

Políticas de estabilización / (Registro nro. 6260)

Detalles MARC
000 -CABECERA
campo de control de longitud fija 01923nam a2200277 a 4500
001 - NÚMERO DE CONTROL
campo de control 000006467
003 - IDENTIFICADOR DEL NÚMERO DE CONTROL
campo de control DO-SdBNP
005 - FECHA Y HORA DE LA ÚLTIMA TRANSACCIÓN
campo de control 20260316133432.0
008 - DATOS DE LONGITUD FIJA--INFORMACIÓN GENERAL
campo de control de longitud fija 090831s1985 dr r 001 0 spa d
040 ## - FUENTE DE LA CATALOGACIÓN
Centro catalogador/agencia de origen DO-SdBNP
Lengua de catalogación spa
Centro/agencia transcriptor BNPHU
082 #4 - NÚMERO DE LA CLASIFICACIÓN DECIMAL DEWEY
Número de clasificación 339.5
Número de documento/Ítem G956p
100 1# - ENTRADA PRINCIPAL--NOMBRE DE PERSONA
Nombre de persona Guiliani Cury, Hugo
9 (RLIN) 6465
245 10 - MENCIÓN DE TÍTULO
Título Políticas de estabilización /
Mención de responsabilidad, etc. Hugo Guiliani Cury ; prólogo Orlando Haza.
260 ## - PUBLICACIÓN, DISTRIBUCIÓN, ETC.
Lugar de publicación, distribución, etc. Santo Domingo :
Nombre del editor, distribuidor, etc. Banco Central de la República Dominicana,
Fecha de publicación, distribución, etc. 1985.
300 ## - DESCRIPCIÓN FÍSICA
Extensión 160 p. ;
Dimensiones 22 cm.
504 ## - NOTA DE BIBLIOGRAFÍA, ETC.
Nota de bibliografía, etc. Incluye referencias bibliográficas y notas al pie de las páginas
505 0# - NOTA DE CONTENIDO CON FORMATO
Nota de contenido con formato Comparecencia ante la Cámara de Diputados --
Título Discurso en el acto de inauguración del Seminario sobre Liberalización Comercial y Financiera --
-- Discurso en la tercera sesión plenaria de la XXVI Reunión Anual de la Asamblea de Gobernadores del Banco Interamericano de Desarrollo --
-- Lecciones sobre políticas de estabilización, XL Reunión de Gobernadores de Bancos Centrales Latinoamericanos y de Espana --
-- Discurso ante la Vigésima Sexta Reunión del Comité de Desarrollo del Banco Mundial y del Fondo Monetario Internacional --
-- La necesidad del ajuste en la economía dominicana --
-- La evolución del proceso de estabilización y la deuda externa --
-- Comentarios a la ponencia ¨Proceso de ajuste y perspectivas de desarrollo¨ del Dr. Aldo Ferrer, presidente del Banco de Desarrollo de Bueno Aires --
-- ¨El proceso de renegociación de la deuda externa¨ --
-- Apéndice.
590 ## - NOTA LOCAL (RLIN)
Nota local Inventariado, 2018/BT
650 #7 - PUNTO DE ACCESO ADICIONAL DE MATERIA--TÉRMINO DE MATERIA
Término de materia o nombre geográfico como elemento de entrada Estabilidad económica
Subdivisión geográfica República Dominicana
9 (RLIN) 49587
Fuente del encabezamiento o término LIBRUNAM
650 #7 - PUNTO DE ACCESO ADICIONAL DE MATERIA--TÉRMINO DE MATERIA
Término de materia o nombre geográfico como elemento de entrada Política monetaria
Subdivisión geográfica República Dominicana
9 (RLIN) 30588
Fuente del encabezamiento o término LIBRUNAM
650 #0 - PUNTO DE ACCESO ADICIONAL DE MATERIA--TÉRMINO DE MATERIA
Término de materia o nombre geográfico como elemento de entrada Deuda externa
Subdivisión geográfica República Dominicana
9 (RLIN) 30422
651 #4 - PUNTO DE ACCESO ADICIONAL DE MATERIA--NOMBRE GEOGRÁFICO
Nombre geográfico República Dominicana
Subdivisión general Política Económica
9 (RLIN) 643
700 12 - PUNTO DE ACCESO ADICIONAL--NOMBRE DE PERSONA
Nombre de persona Haza, Orlando,
Término indicativo de función/relación pról.
9 (RLIN) 14838
910 ## - DATOS DE OPCIÓN DEL USUARIO (OCLC)
Datos de opción del usuario Validado. Control de calidad. MFF
942 ## - ELEMENTOS DE PUNTO DE ACCESO ADICIONAL (KOHA)
Fuente del sistema de clasificación o colocación Dewey Decimal Classification
Tipo de ítem Koha Libro
Existencias
Estado de retiro Estado de pérdida Restricciones de uso No para préstamo Código de colección Localización permanente Ubicación/localización actual Ubicación en estantería Fecha de adquisición Número de inventario Total de préstamos Signatura topográfica completa Código de barras Fecha visto por última vez Número de copia Precio válido a partir de Tipo de ítem Koha
        Dominicana de Servicio General General Depósito 10.02.2015 LF1   339.5 G956p 6467-30 25.06.2020 e.3 25.06.2020 Libro y Folleto Colección Dominicana de Servicio
      Excluido de préstamo Patrimonio Dominicano Patrimonio Dominicano Patrimonio Dominicano Depósito 31.08.2009 LF1   339.5 G956p 6467-10 25.06.2020   25.06.2020 Libro y Folleto Colección Patrimonio Dominicano
      Excluido de préstamo Patrimonio Dominicano Patrimonio Dominicano Patrimonio Dominicano Depósito 15.06.2011 LF1   339.5 G956p 6467-20 25.06.2020 e.2 25.06.2020 Libro y Folleto Colección Patrimonio Dominicano

Con tecnología Koha